<?xml version="1.0" encoding="UTF-8"?><?xml-stylesheet type="text/xsl" href="static/style.xsl"?><OAI-PMH xmlns="http://www.openarchives.org/OAI/2.0/" xmlns:xsi="http://www.w3.org/2001/XMLSchema-instance" xsi:schemaLocation="http://www.openarchives.org/OAI/2.0/ http://www.openarchives.org/OAI/2.0/OAI-PMH.xsd"><responseDate>2026-04-13T13:14:13Z</responseDate><request verb="GetRecord" identifier="oai:www.recercat.cat:10256/4011" metadataPrefix="marc">https://recercat.cat/oai/request</request><GetRecord><record><header><identifier>oai:recercat.cat:10256/4011</identifier><datestamp>2024-06-14T09:52:17Z</datestamp><setSpec>com_2072_452955</setSpec><setSpec>com_2072_2054</setSpec><setSpec>col_2072_453066</setSpec></header><metadata><record xmlns="http://www.loc.gov/MARC21/slim" xmlns:dcterms="http://purl.org/dc/terms/" xmlns:xsi="http://www.w3.org/2001/XMLSchema-instance" xmlns:doc="http://www.lyncode.com/xoai" xsi:schemaLocation="http://www.loc.gov/MARC21/slim http://www.loc.gov/standards/marcxml/schema/MARC21slim.xsd">
   <leader>00925njm 22002777a 4500</leader>
   <datafield ind2=" " ind1=" " tag="042">
      <subfield code="a">dc</subfield>
   </datafield>
   <datafield ind2=" " ind1=" " tag="720">
      <subfield code="a">Alió, M. Àngels</subfield>
      <subfield code="e">author</subfield>
   </datafield>
   <datafield ind2=" " ind1=" " tag="720">
      <subfield code="a">Bru, Josepa</subfield>
      <subfield code="e">author</subfield>
   </datafield>
   <datafield ind2=" " ind1=" " tag="260">
      <subfield code="c">1992</subfield>
   </datafield>
   <datafield ind2=" " ind1=" " tag="520">
      <subfield code="a">L'article presenta una visió global de la problemàtica dels residus industrials des d'una doble perspectiva que destaca el caràcter socioterritorial dels impactes, associats a la seva presència en el medi, i els conflictes que s'esdevenen entorn a les opcions de gestió actualment vigents. Després d'examinar els residus en relació amb la producció industrial, i la producció i 'eliminació', dels residus industrials des de la dimensió territorial, es fa un repàs de les polítiques de gestió, sobre la base de diferents països productors, i s'estudien les implicacions sociopolítiques dels models de gestió, tot centrant-se en l'analisi de les iniciatives ciutadanes alemanyes i de les mobilitzacions a Catalunya en resposta al 'Pla Director per a la Gestió dels Residus Industrials a Catalunya'. A les conclusions s'enceta una reflexió a l'entorn de la recerca en Geografia Humana i l'anàlisi dels residus industrials, i es plantegen les implicacions teòriques i epistemològiques de cara a una visió social dels problemes ambientals</subfield>
   </datafield>
   <datafield ind2=" " ind1=" " tag="520">
      <subfield code="a">This article presents a global view of the problems associated with&#xd;
industrial wastes using a dual perspective that emphasizes the socioterritorial nature of impacts and the conflicts appearing in the current management options. After examinig wastes in relation to industrial production, and the production and cceliminationn of wastes from a territorial dimension, the article reviews management policies in different countries and studies the socio-political implications of management models, analyzing citizen initiatives in Germany and popular protest in Catalonia to the ccPlan for the Management of Industrial Wastes in Catalonia. In the final section of the paper, some thoughts on research in Human Geographv and the analvsis of industrial wastes are offered, outlining its :heoretica1 and epis~emologicailm plications in order to&#xd;
establish a social perspective of environmental problems</subfield>
   </datafield>
   <datafield ind1="8" ind2=" " tag="024">
      <subfield code="a">http://hdl.handle.net/10256/4011</subfield>
   </datafield>
   <datafield tag="653" ind2=" " ind1=" ">
      <subfield code="a">Residus industrials -- Aspectes ambientals -- Catalunya</subfield>
   </datafield>
   <datafield tag="653" ind2=" " ind1=" ">
      <subfield code="a">Factory and trade waste -- Environmental aspects -- Catalonia</subfield>
   </datafield>
   <datafield tag="653" ind2=" " ind1=" ">
      <subfield code="a">Geografia humana</subfield>
   </datafield>
   <datafield tag="653" ind2=" " ind1=" ">
      <subfield code="a">Human geography</subfield>
   </datafield>
   <datafield ind2="0" ind1="0" tag="245">
      <subfield code="a">L'esquerda ecològica: residus industrials i geografia humana</subfield>
   </datafield>
</record></metadata></record></GetRecord></OAI-PMH>